Normal view
MARC view
- What every engineer should know about ; v.30
Entry Uniform Title
001 - CONTROL NUMBER
- control field: 2422
003 - CONTROL NUMBER IDENTIFIER
- control field: NUST
005 - DATE AND TIME OF LATEST TRANSACTION
- control field: 20170609132457.0
008 - FIXED-LENGTH DATA ELEMENTS
- fixed length control field: 170609|| aca||aabn | a|a d
040 ## - CATALOGING SOURCE
- Original cataloging agency: NUST
- Transcribing agency: NUST
130 ## - HEADING--UNIFORM TITLE
- Uniform title: What every engineer should know about ; v.30
670 ## - SOURCE DATA FOUND
- Source citation: Work cat.: (NUST)23732: M.Modarres 2421, What Every Engineer Should Know About Reliability and Risk Analysis, 1993
